000 00971naa a22002777u 4500
001 03381
003 HDC
007 cr bn ---aaaaa
008 210108t1999 -us 000 0 eng
040 _aHDC
100 _aStaver, Charles,
_eauthor
_92662
245 0 _aManaging Ground Cover Heterogeneity in Coffee (Coffea arabica L.) Under Managed Tree Shade: From Replicated Plots to Farmer Practice /
_cby Charles Staver
260 _aFlorida :
_bCRC Press LLC.,
_c1999
300 _a30 pages
336 _atext
_2rdacontent
337 _acomputer
_2rdamedia
338 _aonline resource
_2rdacarrier
500 _aOriginal from book
650 _aAgriculture
_92036
650 _aAgroforestry
_92654
650 _aCoffee
_92663
856 _zRequest full-text at [email protected]
942 _2lcc
942 _cCHAP
942 _kEBCH 002405
999 _c767
_d767